|
|
|
|
| LEADER |
00000nab a2200000 a 4500 |
| 001 |
vtls000292765 |
| 003 |
SK-MaSNL |
| 005 |
20260302222019.0 |
| 008 |
160215c1987 xo 0 slo |
| 015 |
|
|
|a SNBRB19rr/mm-uuuuu
|
| 035 |
|
|
|a CL0302884
|
| 040 |
|
|
|a SNKBUCL
|b slo
|c SNKBUCL
|e AACR2
|
| 041 |
0 |
|
|a slo
|
| 044 |
|
|
|a xo
|c SK
|
| 080 |
|
|
|a 741.5.071.1
|2 1981
|
| 080 |
|
|
|a 929 Gossányi, Peter
|2 1981
|
| 100 |
1 |
|
|a Gossányi, Peter
|4 aut
|9 505428
|
| 245 |
1 |
0 |
|a Trafiť hus a nestreliť capa
|c Peter Gossányi, Jozef Zužo
|
| 300 |
|
|
|b Obr. 4.
|
| 600 |
1 |
7 |
|a Gossányi, Peter
|d 1947-
|2 snkbucl
|9 885838
|
| 655 |
|
7 |
|a články z novín a časopisov
|2 snkbucl
|9 267496
|
| 700 |
1 |
|
|a Zužo, Jozef
|4 aut
|9 949632
|
| 773 |
0 |
|
|t Východoslovenské noviny
|g Roč. 36, č. 195 (21. 8. 1987), s. 5
|
| 850 |
|
|
|a Slovenská národná knižnica v Martine
|a MTA001
|
| 852 |
|
|
|a SNK
|b KIS3GCP
|
| 958 |
|
|
|a BX
|
| 958 |
|
|
|a RK
|
| 992 |
|
|
|a RBX
|
| 999 |
|
|
|c 1514613
|d 1516543
|